000 00575nam a22001817a 4500
003 OSt
005 20251030081608.0
008 251030b |||||||| |||| 00| 0 eng d
020 _a978-971-27-3686-5
040 _aDWCL - Main Lib
_cOC
082 _aF R934L 2021
100 _aRuiz, J.D.
245 _aThe Lady Who Stayed :
_bA Haverston Family Story /
_cJ.D. Ruiz
260 _aMandaluyong City, Philippines :
_bAnvil Publishing, Inc.,
_cc2021.
300 _a268 pages ;
_billustration ;
_c18 cm.
650 _a1. Romance Fiction, Philippines
942 _2ddc
_cFIC.
_mFic.
_n0
999 _c5364
_d5364